000 00881cam a2200277 a 4500
001 1577149
003 0
005 20170216092606.0
008 930406s1993 nyua b 001 0 eng
010 _a 93001524
020 _a0915924404
020 _a0915924412 (paper)
040 _cSPU
050 0 0 _aLB1631
_b.W45 1993
100 1 _aWillis, Meredith Sue.
245 1 0 _aDeep revision :
_ba guide for teachers, students, and other writers /
_cMeredith Sue Willis.
260 _aNew York :
_bTeachers & Writers Collaborative,
_cc1993.
300 _aix, 176 p. :
_bill. ;
_c24 cm.
504 _aIncludes bibliographical references (p. [173]-176) and index.
650 0 _aEnglish language
_xComposition and exercises.
650 0 _aEnglish language
_xRhetoric.
650 0 _aEnglish language
_xStyle.
650 0 _aReport writing.
650 0 _aEditing.
942 _2lcc
_cBK
999 _c48696
_d48696